[Event "2017 Battle of Alberta"]
[Site "?"]
[Date "2017.09.09"]
[Round "2"]
[White "Banerjee, Bitan"]
[Black "Ng, Gary"]
[Result "1-0"]
[WhiteElo "2386"]
[BlackElo "2259"]
[PlyCount "97"]
[EventDate "2017.??.??"]
[SourceDate "2017.09.01"]

1. d4 Nf6 2. c4 e6 3. Nf3 b6 4. g3 Ba6 5. Qc2 c5 6. d5 exd5 7. cxd5 Bb7 8. Bg2
Nxd5 9. O-O Be7 10. Rd1 Nc6 11. Qa4 Nf6 12. Nh4 O-O 13. Nc3 g6 14. Bh6 Re8 15.
Rd2 Qc8 16. Nf3 Nd8 17. e4 Bc6 18. Qc2 Qb7 19. Ne5 Ne6 20. Rad1 Nd4 21. Rxd4
cxd4 22. Qb3 Rf8 23. Nd5 Bxd5 24. exd5 d6 25. Bxf8 Bxf8 26. Nc6 Re8 27. Qa4 Re2
28. Nxd4 Re8 29. Nc6 Nd7 30. a3 Ne5 31. Qf4 a6 32. Qe3 Qd7 33. Qxb6 Qg4 34. Qb3
Qc4 35. Qe3 Qc2 36. Qd2 Qb3 37. Nd4 Qa4 38. Qc1 Bh6 39. f4 Ng4 40. Bf3 Ne3 41.
Rd3 Bg7 42. Qc6 Qxc6 43. dxc6 Nc4 44. Nc2 Bxb2 45. Rb3 Nd2 46. Rxb2 Nxf3+ 47.
Kg2 Nd2 48. c7 Kg7 49. Nd4 1-0

[Event "2017 Battle of Alberta"]
[Site "?"]
[Date "2017.09.09"]
[Round "2"]
[White "Haessel, Dale"]
[Black "Valencia, Belsar"]
[Result "0-1"]
[WhiteElo "2328"]
[BlackElo "2361"]
[PlyCount "40"]
[EventDate "2017.??.??"]
[SourceDate "2017.09.01"]

1. d4 Nf6 2. c4 g6 3. Nc3 Bg7 4. e4 d6 5. Be2 O-O 6. Bg5 c5 7. d5 h6 8. Bf4 e6
9. dxe6 Bxe6 10. Bxd6 Re8 11. e5 Nfd7 12. f4 g5 13. Nf3 gxf4 14. Qc2 Nc6 15.
Rd1 Nd4 16. Nxd4 Qh4+ 17. Kf1 cxd4 18. Rxd4 Nxe5 19. Nd5 Bxd5 20. Rxd5 Ng4 0-1

[Event "2017 Battle of Alberta"]
[Site "?"]
[Date "2017.09.09"]
[Round "2"]
[White "Arruebarrena, Rafael"]
[Black "Kazmaier, Daniel"]
[Result "1-0"]
[WhiteElo "2319"]
[BlackElo "2284"]
[PlyCount "49"]
[EventDate "2017.??.??"]
[SourceDate "2017.09.01"]

1. e4 Nc6 2. Nf3 d6 3. d4 Nf6 4. Nc3 Bg4 5. Be3 g6 6. h3 Bxf3 7. Qxf3 Bg7 8.
O-O-O e5 9. dxe5 Nxe5 10. Qe2 O-O 11. f4 Nc6 12. g4 Re8 13. Bg2 Qb8 14. Rhe1 a5
15. g5 Nd7 16. Qd2 Nf8 17. Nd5 Nb4 18. Bd4 Nxd5 19. Bxg7 Ne6 20. Bf6 Nxf6 21.
gxf6 Qd8 22. f5 Nc5 23. e5 dxe5 24. Qg5 h6 25. Qh4 1-0

[Event "2017 Battle of Alberta"]
[Site "?"]
[Date "2017.09.09"]
[Round "2"]
[White "Findlay, Ian"]
[Black "Matras-Clement, Agnieszka"]
[Result "1/2-1/2"]
[WhiteElo "2224"]
[BlackElo "2304"]
[PlyCount "99"]
[EventDate "2017.??.??"]
[SourceDate "2017.09.01"]

1. e4 c5 2. Nf3 Nc6 3. d4 cxd4 4. Nxd4 Nf6 5. Nc3 e6 6. Ndb5 Bb4 7. a3 Bxc3+ 8.
Nxc3 d5 9. exd5 exd5 10. Bd3 O-O 11. O-O d4 12. Ne2 Bg4 13. f3 Bh5 14. Bg5 Qd6
15. Nf4 Bg6 16. Nxg6 hxg6 17. f4 Ne7 18. Qf3 Qd5 19. f5 Nxf5 20. Bxf6 Qxf3 21.
Rxf3 gxf6 22. Bxf5 gxf5 23. Rg3+ Kh7 24. Rf1 Rg8 25. Rh3+ Kg7 26. Rg3+ Kf8 27.
Rxg8+ Kxg8 28. Rxf5 Rd8 29. Rxf6 d3 30. cxd3 Rxd3 31. h3 Rd1+ 32. Rf1 Rd2 33.
Rf2 Rd1+ 34. Kh2 Kg7 35. Rc2 Rd7 36. Rc4 Kg6 37. Rb4 Kf5 38. Rb5+ Kg6 39. g4 b6
40. Kg3 Rd3+ 41. Kh4 Re3 42. a4 Rd3 43. b4 Ra3 44. a5 bxa5 45. bxa5 f6 46. Rc5
a6 47. Rd5 Ra4 48. Rc5 Ra3 49. Rh5 Rb3 50. Rc5 1/2-1/2

[Event "2017 Battle of Alberta"]
[Site "?"]
[Date "2017.09.09"]
[Round "2"]
[White "Gardner, Robert"]
[Black "Rekhson, Vladislav"]
[Result "1/2-1/2"]
[WhiteElo "2267"]
[BlackElo "2182"]
[PlyCount "93"]
[EventDate "2017.??.??"]
[SourceDate "2017.09.01"]

1. g3 d5 2. Bg2 Nf6 3. f4 c5 4. Nf3 g6 5. O-O Bg7 6. d3 Nc6 7. a4 O-O 8. Nc3 d4
9. Ne4 b6 10. Ne5 Nxe5 11. Nxf6+ exf6 12. Bxa8 Ng4 13. Bf3 Re8 14. e4 h5 15.
Re1 Qd7 16. Bd2 Nxh2 17. Kxh2 Qh3+ 18. Kg1 Qxg3+ 19. Bg2 Bg4 20. Re2 h4 21. Be1
Qxf4 22. Qd2 Bh6 23. Qxf4 Bxf4 24. Rf2 Be3 25. Kh2 Bxf2 26. Bxf2 g5 27. Bh3
Bxh3 28. Kxh3 f5 29. Re1 fxe4 30. Rxe4 Rxe4 31. dxe4 Kg7 32. e5 f6 33. exf6+
Kxf6 34. Kg4 Ke5 35. b3 Ke4 36. Bg1 d3 37. cxd3+ Kxd3 38. Bh2 Kc2 39. Bb8 Kxb3
40. Bxa7 c4 41. Bxb6 Kxa4 42. Be3 Kb3 43. Bxg5 c3 44. Kxh4 Kb2 45. Kg3 c2 46.
Kf2 c1=Q 47. Bxc1+ 1/2-1/2

[Event "2017 Battle of Alberta"]
[Site "?"]
[Date "2017.09.09"]
[Round "2"]
[White "Robichaud, Martin"]
[Black "Villavieja, Butch"]
[Result "1-0"]
[WhiteElo "2176"]
[BlackElo "2185"]
[PlyCount "104"]
[EventDate "2017.??.??"]
[SourceDate "2017.09.01"]

1. e4 c5 2. c3 d6 3. d4 Nf6 4. Bd3 Nc6 5. Ne2 e6 6. Nd2 Be7 7. Nf3 a6 8. O-O b5
9. a3 Bb7 10. Ng3 d5 11. e5 Nd7 12. Nh5 g6 13. Ng3 h5 14. Be3 h4 15. Ne2 Nb6
16. dxc5 Nd7 17. b4 Ndxe5 18. Nxe5 Nxe5 19. Bd4 Bf6 20. Re1 Kf8 21. Nf4 Nc6 22.
Qf3 Nxd4 23. cxd4 g5 24. Nxe6+ fxe6 25. Rxe6 Kg7 26. Rae1 Qf8 27. Rb6 Ra7 28.
Ree6 Rh6 29. Red6 Bc8 30. Qxd5 Qe7 31. Rxf6 Rxf6 32. Qxg5+ Kf7 33. Bg6+ Kg7 34.
Bh5+ Kh7 35. Bg6+ Kg7 36. Bf5+ Kf7 37. Qh5+ Kg8 38. Qg5+ Kf7 39. Bg6+ Kg7 40.
Be8+ Kh7 41. Qxh4+ Kg7 42. Qg5+ Kh7 43. Bg6+ Kg7 44. Be4+ Kf7 45. Qh5+ Kg8 46.
Bd5+ Kg7 47. Qg5+ Kh7 48. Bg8+ Kh8 49. Qxf6+ Qxf6 50. Rxf6 Kxg8 51. f4 a5 52.
Rb6 axb4 1-0

[Event "2017 Battle of Alberta"]
[Site "?"]
[Date "2017.09.09"]
[Round "2"]
[White "Vereracion, Paolo"]
[Black "Efemuai, Martins"]
[Result "0-1"]
[WhiteElo "2131"]
[BlackElo "2155"]
[PlyCount "100"]
[EventDate "2017.??.??"]
[SourceDate "2017.09.01"]

1. Nf3 Nf6 2. g3 g6 3. d4 Bg7 4. Bg2 O-O 5. O-O d6 6. c4 Nbd7 7. Nc3 e5 8. e4
c6 9. h3 Qb6 10. c5 dxc5 11. dxe5 Ne8 12. Bg5 Qxb2 13. Na4 Qa3 14. Be7 Nc7 15.
Bxf8 Bxf8 16. Qb3 Qb4 17. Rab1 Ne6 18. Nxc5 Qxc5 19. Rfc1 Qa5 20. h4 Nxe5 21.
Nxe5 Qxe5 22. f4 Qd4+ 23. Kh2 Nc5 24. Qc2 Bg4 25. Re1 Rd8 26. Rf1 a5 27. a4 Rd7
28. Rf2 Bd1 29. Qa2 Nxa4 30. Bh3 Nc3 31. Qb2 Nxb1 32. Bxd7 Qxd7 33. Qxb1 b5 34.
Qa2 Bb4 35. f5 Bg4 36. f6 Qd4 37. Qc2 h5 38. e5 c5 39. Kg2 c4 40. Qc1 Qxe5 41.
Qh6 Bf8 42. Qd2 c3 43. Qd8 b4 44. Ra2 b3 45. Rxa5 Qxa5 46. Qxa5 b2 47. Qxc3
b1=Q 48. Qc4 Qb2+ 49. Kg1 Qb6+ 50. Kh2 Qf2+ 0-1

[Event "2017 Battle of Alberta"]
[Site "?"]
[Date "2017.09.09"]
[Round "2"]
[White "Kobalenko, Jerry"]
[Black "Arakelian, Henadzi"]
[Result "1/2-1/2"]
[WhiteElo "2145"]
[BlackElo "2100"]
[PlyCount "126"]
[EventDate "2017.??.??"]
[SourceDate "2017.09.01"]

1. c4 b6 2. Nc3 Bb7 3. e4 e5 4. g3 f5 5. Bg2 Nf6 6. d3 Bc5 7. Nge2 O-O 8. O-O
fxe4 9. Nxe4 Nxe4 10. Bxe4 Bxe4 11. dxe4 Nc6 12. Qd5+ Kh8 13. Kg2 Qf6 14. f3
Rad8 15. h4 h6 16. Qd3 a5 17. a3 Ne7 18. Bd2 Nc6 19. Rh1 Qf7 20. Raf1 Nd4 21.
Nc3 c6 22. f4 Qh5 23. fxe5 Ne6 24. Rf5 Qg4 25. Rhf1 Rfe8 26. Qe2 Qxe2+ 27. Nxe2
Nd4 28. Nxd4 Bxd4 29. Bc3 Bxc3 30. bxc3 d6 31. exd6 Rxd6 32. e5 Rde6 33. Rf8+
Rxf8 34. Rxf8+ Kh7 35. Rf5 g6 36. Rf7+ Kg8 37. Rc7 Rxe5 38. Rxc6 Kf7 39. Rxb6
Rc5 40. Rb5 Rxc4 41. Rxa5 Rxc3 42. a4 Ra3 43. Ra7+ Kf6 44. a5 h5 45. Ra8 Kf5
46. Ra6 g5 47. hxg5 Kxg5 48. Ra8 Kg4 49. a6 Ra2+ 50. Kf1 Kxg3 51. a7 Kh2 52.
Ke1 h4 53. Kd1 h3 54. Kc1 Kh1 55. Kb1 Ra4 56. Kb2 h2 57. Kb3 Ra6 58. Kb4 Kg2
59. Rg8+ Kf1 60. a8=Q Rxa8 61. Rxa8 h1=Q 62. Ra1+ Kg2 63. Rxh1 Kxh1 1/2-1/2

[Event "2017 Battle of Alberta"]
[Site "?"]
[Date "2017.09.09"]
[Round "2"]
[White "Hughey, Micah"]
[Black "Boehner, Kris"]
[Result "1/2-1/2"]
[WhiteElo "2072"]
[BlackElo "2131"]
[PlyCount "40"]
[EventDate "2017.??.??"]
[SourceDate "2017.09.01"]

1. e4 c6 2. d4 d5 3. exd5 cxd5 4. c4 Nf6 5. Nc3 g6 6. Qb3 Bg7 7. cxd5 O-O 8.
Bc4 Nbd7 9. Nge2 Nb6 10. Bg5 Nxc4 11. Qxc4 a6 12. O-O b5 13. Qb3 Bf5 14. Rfd1
Qd6 15. Bf4 Qd7 16. Ng3 Rfd8 17. Nxf5 Qxf5 18. Be5 Ng4 19. Bg3 Nf6 20. Be5 Ng4
1/2-1/2

[Event "2017 Battle of Alberta"]
[Site "?"]
[Date "2017.09.09"]
[Round "2"]
[White "Booker, Brad"]
[Black "Kalisvaart, Peter"]
[Result "0-1"]
[WhiteElo "2126"]
[BlackElo "2040"]
[PlyCount "112"]
[EventDate "2017.??.??"]
[SourceDate "2017.09.01"]

1. Nf3 Nc6 2. d4 d5 3. Bf4 Bf5 4. e3 a6 5. c4 e6 6. Nc3 Bb4 7. Rc1 Nge7 8. c5
O-O 9. a3 Bxc3+ 10. Rxc3 Ng6 11. Bg3 Re8 12. Be2 f6 13. O-O Qd7 14. b4 e5 15.
Qd2 Rad8 16. Rb3 exd4 17. Nxd4 Nxd4 18. exd4 Re7 19. Rc1 Rde8 20. Bf1 b5 21. c6
Qd8 22. a4 bxa4 23. Ra3 Bc8 24. Rxa4 h5 25. h3 h4 26. Bh2 Re4 27. Ra5 Nf8 28.
f3 R4e7 29. Rxd5 Qxd5 30. Bc4 Qxc4 31. Rxc4 Re2 32. Qxe2 Rxe2 33. Bxc7 Be6 34.
Rc5 Rd2 35. Ba5 Rxd4 36. c7 Bc8 37. Rc6 Kf7 38. Kf2 Ke8 39. Ke3 Rd1 40. Rc4 g5
41. f4 Ne6 42. fxg5 fxg5 43. Rc2 Ke7 44. Ke2 Rd7 45. Kf2 Kd6 46. g3 Rf7+ 47.
Kg2 Bb7+ 48. Kh2 Nxc7 49. gxh4 gxh4 50. Rc4 Rf2+ 51. Kg1 Rg2+ 52. Kf1 Nd5 53.
Rxh4 Ne3+ 54. Ke1 Bf3 55. Rd4+ Ke5 56. Rd2 Nc2+ 0-1

[Event "2017 Battle of Alberta"]
[Site "?"]
[Date "2017.09.09"]
[Round "2"]
[White "Ludwig, Michael"]
[Black "Kostadinov, Georgi"]
[Result "0-1"]
[WhiteElo "2029"]
[BlackElo "2118"]
[PlyCount "80"]
[EventDate "2017.??.??"]
[SourceDate "2017.09.01"]

1. d4 d5 2. Bf4 Nf6 3. e3 c6 4. c3 e6 5. Nf3 Be7 6. Nbd2 O-O 7. Bd3 Nbd7 8. h3
b6 9. O-O Bb7 10. Re1 c5 11. a3 Ne4 12. Ne5 f5 13. f3 Nxd2 14. Qxd2 Nf6 15.
Rad1 Nh5 16. Bh2 Bh4 17. Re2 Ng3 18. Bxg3 Bxg3 19. e4 cxd4 20. exf5 dxc3 21.
Qxc3 Rc8 22. Qd4 exf5 23. Bb5 Rc7 24. Qa4 Qd6 25. Nd3 a5 26. Qd4 Rfc8 27. f4
Bh4 28. Rdd2 Bf6 29. Qa4 Re7 30. Rxe7 Qxe7 31. Bd7 Rd8 32. Bb5 Qe3+ 33. Rf2 Bd4
34. Kf1 Rc8 35. Qd1 g6 36. Qe2 Kg7 37. Qxe3 Bxe3 38. Re2 d4 39. Ne1 Be4 40. g3
Rc1 0-1

[Event "2017 Battle of Alberta"]
[Site "?"]
[Date "2017.09.09"]
[Round "2"]
[White "Timmerman, Brian"]
[Black "Bertrand, Daryl"]
[Result "0-1"]
[WhiteElo "2078"]
[BlackElo "1994"]
[PlyCount "78"]
[EventDate "2017.??.??"]
[SourceDate "2017.09.01"]

1. e4 e5 2. Nf3 Nc6 3. Bb5 a6 4. Ba4 Nf6 5. O-O Be7 6. Re1 b5 7. Bb3 O-O 8. h3
d6 9. c3 Na5 10. Bc2 c5 11. d4 Qc7 12. Nbd2 cxd4 13. cxd4 Nc6 14. Nb3 Nb4 15.
Bb1 a5 16. a3 Na6 17. Be3 a4 18. Nbd2 Bd7 19. Nf1 Rfb8 20. Qe2 exd4 21. Nxd4 b4
22. Ng3 bxa3 23. bxa3 Nc5 24. Rc1 Qb7 25. f3 Bb5 26. Nxb5 Qxb5 27. Qxb5 Rxb5
28. Ba2 Nb3 29. Rab1 Nxc1 30. Rxc1 Rb2 31. Bc4 Rab8 32. Nf5 Kf8 33. Kh2 Rb1 34.
Rxb1 Rxb1 35. Bd2 Nd7 36. Bb4 Nb6 37. Bb5 Rxb4 38. axb4 a3 39. Ne3 a2 0-1

[Event "2017 Edmonton International"]
[Site "?"]
[Date "2017.06.20"]
[Round "1"]
[White "Heredia Serrano, Carla"]
[Black "Matras-Clement, Agnieszka"]
[Result "1/2-1/2"]
[WhiteElo "2082"]
[BlackElo "2305"]
[PlyCount "90"]
[EventDate "2017.??.??"]
[SourceDate "2017.09.01"]

1. e4 c6 2. d4 d5 3. Nc3 dxe4 4. Nxe4 Nf6 5. Nxf6+ exf6 6. Nf3 Bd6 7. Be2 O-O
8. O-O Re8 9. Re1 Nd7 10. c4 Nf8 11. Bd3 Bg4 12. Rxe8 Qxe8 13. Be3 Qd7 14. h3
Bh5 15. Be2 Re8 16. Qd2 Bc7 17. Rd1 Qd6 18. d5 Rd8 19. dxc6 Qxd2 20. Rxd2 Rxd2
21. Bxd2 bxc6 22. Be3 Bb6 23. c5 Bc7 24. g4 Bg6 25. Nd4 Be4 26. b4 Ne6 27. a4
Nf4 28. Bxf4 Bxf4 29. b5 Be5 30. Nxc6 Bxc6 31. bxc6 Kf8 32. Bc4 Ke7 33. Kf1 Bd4
34. Bxf7 Bxc5 35. Bg8 Kd6 36. Bd5 Bb6 37. Be4 h6 38. f4 g5 39. fxg5 hxg5 40.
Ke2 Bd4 41. Kd3 Be5 42. Kc4 Kc7 43. Kd5 Bc3 44. Bf3 Bb2 45. Ke6 Bc3 1/2-1/2

[Event "2017 Edmonton International"]
[Site "?"]
[Date "2017.06.22"]
[Round "5"]
[White "Arruebarrena, Rafael"]
[Black "Matras-Clement, Agnieszka"]
[Result "1/2-1/2"]
[WhiteElo "2323"]
[BlackElo "2305"]
[PlyCount "59"]
[EventDate "2017.??.??"]
[SourceDate "2017.09.01"]

1. e4 c5 2. Nf3 Nc6 3. d4 cxd4 4. Nxd4 Nf6 5. Nc3 e6 6. Nxc6 bxc6 7. e5 Nd5 8.
Ne4 Qc7 9. f4 Qb6 10. c4 Bb4+ 11. Ke2 Ba6 12. Kf3 f5 13. exf6 Nxf6 14. c5 Qa5
15. Nxf6+ gxf6 16. Bxa6 Qxa6 17. Qd4 Qb5 18. Be3 O-O-O 19. Rhc1 Ba5 20. b4 e5
21. Qc4 Qxc4 22. Rxc4 Bc7 23. a4 a6 24. b5 cxb5 25. axb5 axb5 26. Rb4 Kb7 27.
Rxb5+ Kc6 28. Rb3 Ra8 29. Rxa8 Rxa8 30. fxe5 1/2-1/2

[Event "2017 Edmonton International"]
[Site "?"]
[Date "2017.06.24"]
[Round "8"]
[White "Sohal, Tanraj"]
[Black "Shabalov, Alex"]
[Result "0-1"]
[WhiteElo "2386"]
[BlackElo "2585"]
[PlyCount "124"]
[EventDate "2017.??.??"]
[SourceDate "2017.09.01"]

1. d4 d5 2. c4 dxc4 3. Nf3 a6 4. e3 e6 5. Bxc4 Nf6 6. O-O Nbd7 7. Nc3 c5 8. Bb3
b5 9. dxc5 Bxc5 10. Qe2 Bb7 11. Bc2 Rc8 12. e4 Qc7 13. Bg5 h6 14. Bh4 Nh5 15.
Kh1 b4 16. Na4 Ba7 17. Bb3 Qc6 18. Rac1 Qxc1 19. Rxc1 Rxc1+ 20. Ng1 Nhf6 21.
Qd2 Rc8 22. Qxb4 Bxe4 23. Nc3 Bc5 24. Qc4 Bb7 25. Qe2 O-O 26. Nf3 Bb4 27. Bc4
a5 28. h3 Bxc3 29. bxc3 Ne4 30. Bb3 Nxc3 31. Qd2 Nb6 32. Ne5 a4 33. Bc2 Nbd5
34. Qd3 f5 35. Ng6 Rf7 36. a3 Rfc7 37. Bg3 Ne4 38. Bxa4 Kh7 39. Ne5 Nf4 40. Qe3
Rc1+ 41. Kh2 Nh5 42. Bh4 R8c3 43. Nd3 Rb1 44. Qd4 Rxa3 45. Bc2 Rf1 46. f3 Raa1
47. Ne1 Rc1 48. fxe4 Rfxe1 49. Bxe1 Rxc2 50. Bd2 Bxe4 51. Kg1 Nf6 52. g4 Nd5
53. gxf5 Bxf5 54. h4 Ra2 55. Bc1 Re2 56. Bb2 Nf6 57. Qb6 Nh5 58. Ba3 Nf4 59.
Qc7 Rg2+ 60. Kf1 Bd3+ 61. Ke1 Re2+ 62. Kd1 Bc2+ 0-1

[Event "2017 Edmonton International"]
[Site "?"]
[Date "2017.06.21"]
[Round "3"]
[White "Sevillano, Enrico"]
[Black "Gardner, Rob"]
[Result "1-0"]
[WhiteElo "2566"]
[BlackElo "2271"]
[PlyCount "79"]
[EventDate "2017.??.??"]
[SourceDate "2017.09.01"]

1. e4 d6 2. d4 Nf6 3. Nc3 g6 4. Be2 Nc6 5. d5 Nb8 6. Nf3 Bg7 7. O-O O-O 8. Re1
c5 9. h3 b6 10. e5 Ne8 11. Bc4 Ba6 12. Qe2 Bxc4 13. Qxc4 Nd7 14. Bf4 dxe5 15.
Nxe5 Nd6 16. Qd3 Nxe5 17. Bxe5 f6 18. Bf4 Qd7 19. a4 Rad8 20. Rad1 Rfe8 21. Re6
Nf5 22. Nb5 Bh6 23. Bh2 Ng7 24. Re2 Rc8 25. Qc4 Nf5 26. Nxa7 Ra8 27. Nb5 Nd4
28. Ree1 Ra5 29. Nxd4 cxd4 30. Qxd4 Rxa4 31. Qxb6 Rc4 32. c3 Rec8 33. Rd4 R4c5
34. Qb3 Kf8 35. Bg3 Bg7 36. Re6 f5 37. Rd1 Rb5 38. Qa2 Rd8 39. d6 Ke8 40. Rde1
1-0

[Event "2017 Edmonton International"]
[Site "?"]
[Date "2017.06.23"]
[Round "6"]
[White "Banerjee, Bitan"]
[Black "Sevillano, Enrico"]
[Result "0-1"]
[WhiteElo "2456"]
[BlackElo "2566"]
[PlyCount "74"]
[EventDate "2017.??.??"]
[SourceDate "2017.09.01"]

1. d4 Nf6 2. c4 e6 3. Nc3 d5 4. cxd5 exd5 5. Bg5 c6 6. Qc2 Be7 7. e3 Be6 8. Bd3
Nbd7 9. h3 g6 10. Bh6 Bf8 11. Bxf8 Kxf8 12. Nge2 Kg7 13. f4 Re8 14. O-O Nf8 15.
f5 Bd7 16. Rf3 g5 17. Rg3 h6 18. Rf1 N8h7 19. h4 Qe7 20. hxg5 hxg5 21. Nf4 Kh8
22. Nh3 Nh5 23. f6 N7xf6 24. Rxf6 Nxg3 25. Qf2 Qxe3 26. Rxf7 Bxh3 27. gxh3
Qxf2+ 28. Kxf2 Ne4+ 29. Bxe4 dxe4 30. Ke3 Re6 31. Rxb7 Rf8 32. Rxa7 Rf3+ 33.
Ke2 Rxh3 34. d5 cxd5 35. Nxd5 e3 36. Re7 Rh2+ 37. Kd3 Rd2+ 0-1

[Event "2017 Edmonton International"]
[Site "?"]
[Date "2017.06.24"]
[Round "8"]
[White "Findlay, Ian"]
[Black "Caldera, Anuar"]
[Result "1-0"]
[WhiteElo "2274"]
[BlackElo "2239"]
[PlyCount "97"]
[EventDate "2017.??.??"]
[SourceDate "2017.09.01"]

1. e4 e5 2. Nf3 Nc6 3. Bc4 Nf6 4. d3 d6 5. c3 a6 6. b4 b5 7. Bb3 d5 8. exd5
Nxd5 9. O-O Be7 10. Re1 O-O 11. a4 Bb7 12. Qc2 Bf6 13. axb5 axb5 14. Rxa8 Bxa8
15. Bd2 Qd7 16. Na3 Rd8 17. Nxb5 Ncxb4 18. cxb4 Qxb5 19. Nxe5 Qb7 20. Qc4 c6
21. d4 Be7 22. Nd3 Bf6 23. Ne5 Be7 24. Ba4 Rc8 25. Rc1 Bxb4 26. Rb1 c5 27. dxc5
Nb6 28. c6 Nxc4 29. cxb7 Bxb7 30. Nxc4 Rxc4 31. Rxb4 Rxb4 32. Bxb4 g5 33. Be7
h6 34. Bf6 Be4 35. f3 Bf5 36. g4 Bh7 37. Bb3 Bg6 38. Kf2 Kf8 39. Ke3 Ke8 40.
Ba4+ Kf8 41. Bc6 Bb1 42. Kd4 Bc2 43. Ke5 Bb1 44. Be4 Ba2 45. Kd4 Bb3 46. Ke3
Bd1 47. Kf2 Bb3 48. Kg3 Kg8 49. h4 1-0

[Event "2017 Edmonton International"]
[Site "?"]
[Date "2017.06.23"]
[Round "6"]
[White "Gardner, Robert"]
[Black "Arruebarrena, Rafael"]
[Result "1-0"]
[WhiteElo "2271"]
[BlackElo "2323"]
[PlyCount "53"]
[EventDate "2017.??.??"]
[SourceDate "2017.09.01"]

1. b3 e5 2. Bb2 Nc6 3. e3 Nf6 4. Bb5 Bd6 5. Nf3 Qe7 6. O-O a6 7. Be2 O-O 8. c4
Re8 9. Nc3 Ba3 10. Bxa3 Qxa3 11. d4 e4 12. Nd2 Qe7 13. a3 d6 14. Qc2 Bf5 15.
Rfc1 g6 16. Nf1 Rac8 17. Ng3 Qd7 18. b4 h5 19. Rab1 h4 20. Nxf5 Qxf5 21. h3 g5
22. Nd5 Qg6 23. Nxf6+ Qxf6 24. Bg4 Rb8 25. b5 Na5 26. bxa6 bxa6 27. Qa4 1-0

[Event "2017 Edmonton International"]
[Site "?"]
[Date "2017.06.25"]
[Round "9"]
[White "Gardner, Robert"]
[Black "Ng, Gary"]
[Result "0-1"]
[WhiteElo "2271"]
[BlackElo "2339"]
[PlyCount "64"]
[EventDate "2017.??.??"]
[SourceDate "2017.09.01"]

1. b3 e5 2. Bb2 Nc6 3. e3 Nf6 4. Bb5 Bd6 5. Nf3 Qe7 6. d4 exd4 7. Nxd4 Nxd4 8.
Qxd4 c5 9. Qh4 Be5 10. Nc3 a6 11. Bd3 g5 12. Qxg5 Rg8 13. Qh6 c4 14. Bxc4 Qb4
15. O-O Bxc3 16. a3 Qa5 17. b4 Qe5 18. Bxc3 Qxc3 19. Bb3 d5 20. Rad1 Qe5 21. f4
Qe4 22. g3 Rg6 23. Qh4 Bf5 24. Rfe1 O-O-O 25. Rd2 h5 26. c3 Qe6 27. Bd1 Bg4 28.
Rf2 Rgg8 29. Bb3 Ne4 30. Rc2 Nd6 31. c4 dxc4 32. e4 Kb8 0-1

[Event "2017 Edmonton International"]
[Site "?"]
[Date "2017.06.22"]
[Round "4"]
[White "Gardner, Robert"]
[Black "Valencia, Belsar"]
[Result "1-0"]
[WhiteElo "2271"]
[BlackElo "2373"]
[PlyCount "81"]
[EventDate "2017.??.??"]
[SourceDate "2017.09.01"]

1. d4 Nf6 2. c4 g6 3. Nc3 Bg7 4. e4 d6 5. f3 O-O 6. Be3 c6 7. Nge2 e5 8. Qc2
Nbd7 9. d5 cxd5 10. cxd5 a6 11. g4 h5 12. h3 Nh7 13. Rg1 h4 14. Nc1 f6 15. Qf2
g5 16. Nd3 Rf7 17. O-O-O Bf8 18. Kb1 Be7 19. Rc1 Qe8 20. Be2 Bd8 21. Rc2 Ndf8
22. Rgc1 Bd7 23. b3 Ng6 24. Nb2 b5 25. Bb6 Nf4 26. Bf1 Nf8 27. Ncd1 N8g6 28.
Bxd8 Qxd8 29. Ne3 Ne7 30. Rc7 Rc8 31. Qc2 Rxc7 32. Qxc7 Qxc7 33. Rxc7 Nexd5 34.
Nxd5 Nxd5 35. Rxd7 Nc3+ 36. Kc2 Rxd7 37. Kxc3 Rc7+ 38. Kd2 Kf8 39. Nd1 b4 40.
Ne3 Rc3 41. Bxa6 1-0

[Event "2017 Edmonton International"]
[Site "?"]
[Date "2017.06.24"]
[Round "8"]
[White "Heredia Serrano, Carla"]
[Black "Gardner, Robert"]
[Result "1-0"]
[WhiteElo "2082"]
[BlackElo "2271"]
[PlyCount "81"]
[EventDate "2017.??.??"]
[SourceDate "2017.09.01"]

1. e4 g6 2. d4 Bg7 3. Nc3 d6 4. Nf3 a6 5. a4 Nd7 6. Bc4 e6 7. a5 Ne7 8. Bg5 c5
9. O-O h6 10. Be3 O-O 11. Qd2 cxd4 12. Nxd4 Kh7 13. Rfd1 Qc7 14. Be2 Nc5 15. b4
Nd7 16. Ra3 Ne5 17. Na4 Bd7 18. Nb6 Rad8 19. f4 N5c6 20. c4 Nxd4 21. Bxd4 Bc6
22. Bxg7 Kxg7 23. b5 axb5 24. Qc3+ Kh7 25. cxb5 d5 26. e5 d4 27. Qc5 Nf5 28.
bxc6 bxc6 29. Bf3 g5 30. fxg5 hxg5 31. Be4 Kg6 32. g4 Rh8 33. Rf3 Rh4 34. gxf5+
Kh6 35. Rxd4 Rh8 36. Rd7 Qb8 37. Rxf7 Rxe4 38. Rh3+ Rh4 39. Qe3 Kh5 40. fxe6
Qd8 41. Qf3+ 1-0

[Event "2017 Edmonton International"]
[Site "?"]
[Date "2017.06.21"]
[Round "2"]
[White "Gardner, Robert"]
[Black "Miller, David"]
[Result "1-0"]
[WhiteElo "2271"]
[BlackElo "2223"]
[PlyCount "149"]
[EventDate "2017.??.??"]
[SourceDate "2017.09.01"]

1. b4 e5 2. Bb2 Bxb4 3. Bxe5 Nf6 4. c4 Nc6 5. Bb2 O-O 6. e3 Re8 7. Nf3 d5 8.
cxd5 Nxd5 9. Be2 Rxe3 10. fxe3 Nxe3 11. Qb3 Nxg2+ 12. Kd1 Be6 13. Qd3 Qe7 14.
Rg1 Rd8 15. Rxg2 Rxd3 16. Rxg7+ Kf8 17. Bxd3 Qd7 18. Be2 Bg4 19. h3 Bxf3 20.
Bxf3 Nd4 21. Bxd4 Qxd4 22. Rg4 Qxa1 23. Rxb4 b6 24. a3 c5 25. Rb3 Qd4 26. Re3
f5 27. Nc3 f4 28. Re4 Qg1+ 29. Kc2 Qg3 30. Ne2 Qxh3 31. Rxf4+ Ke7 32. Nc3 Qg3
33. Re4+ Kd8 34. Re3 Qf4 35. Bc6 Qf5+ 36. Be4 Qf7 37. Rd3+ Ke7 38. Rf3 Qh5 39.
Nd5+ Kd6 40. Nf6 Qf7 41. Bxh7 Qa2+ 42. Kd1 Qa1+ 43. Ke2 Qe5+ 44. Ne4+ Kc6 45.
Bf5 Kd5 46. Bg6 Qh2+ 47. Nf2 Kc4 48. Bf7+ Kb5 49. Be8+ Ka5 50. Re3 b5 51. Bg6
Qd6 52. Bc2 c4 53. Ne4 Qh2+ 54. Kd1 Qh1+ 55. Re1 Qh8 56. Nc3 b4 57. axb4+ Kxb4
58. Kc1 Kc5 59. Re7 Qh1+ 60. Bd1 a5 61. Re5+ Kb6 62. Re4 Qf1 63. Na4+ Kb5 64.
Nb2 c3 65. dxc3 Qf6 66. Kc2 Qf5 67. Be2+ Kc5 68. Nd3+ Kb6 69. Re5 Qf7 70. Nb2
Qh7+ 71. Kb3 Qb1 72. Rb5+ Ka6 73. Rb4+ Ka7 74. Ra4 Kb6 75. Bd3 1-0

[Event "2017 Edmonton International"]
[Site "?"]
[Date "2017.06.21"]
[Round "3"]
[White "Valencia, Belsar"]
[Black "Ng, Gary"]
[Result "1/2-1/2"]
[WhiteElo "2372"]
[BlackElo "2339"]
[PlyCount "61"]
[EventDate "2017.??.??"]
[SourceDate "2017.09.01"]

1. Nf3 Nf6 2. c4 e6 3. d4 b6 4. a3 Bb7 5. Nc3 Ne4 6. Nxe4 Bxe4 7. Bf4 Be7 8.
Nd2 Bb7 9. e4 f5 10. exf5 O-O 11. Qc2 Bf6 12. O-O-O exf5 13. Nb3 a5 14. Kb1 a4
15. Nc1 Nc6 16. d5 Nd4 17. Qd2 c5 18. Bd3 d6 19. Be3 g6 20. Bxd4 Bxd4 21. Ne2
Bh8 22. Nc3 Qf6 23. Rde1 Bc8 24. Re2 Bd7 25. Rhe1 Rfe8 26. Rxe8+ Rxe8 27. Rxe8+
Bxe8 28. Qe2 Qe5 29. f4 Qxe2 30. Nxe2 Kf7 31. Kc2 1/2-1/2

[Event "2017 Edmonton International"]
[Site "?"]
[Date "2017.06.22"]
[Round "4"]
[White "Ng, Gary"]
[Black "Reeve, Jeff"]
[Result "1-0"]
[WhiteElo "2339"]
[BlackElo "2295"]
[PlyCount "91"]
[EventDate "2017.??.??"]
[SourceDate "2017.09.01"]

1. Nf3 Nf6 2. g3 g6 3. b3 Bg7 4. Bb2 O-O 5. Bg2 d6 6. d4 Nbd7 7. O-O e5 8. dxe5
Ng4 9. Qd2 Ngxe5 10. Nxe5 Nxe5 11. c4 Rb8 12. Nc3 f5 13. Rad1 Be6 14. Nd5 Bxd5
15. Qxd5+ Kh8 16. c5 c6 17. Qxd6 Nf3+ 18. Bxf3 Bxb2 19. Rd2 Qf6 20. Rfd1 Be5
21. Qxf6+ Bxf6 22. Rd7 Kg8 23. Rc7 Bd8 24. Rcd7 Bf6 25. g4 f4 26. b4 a6 27. a4
Rbd8 28. b5 axb5 29. axb5 Rxd7 30. Rxd7 Rf7 31. bxc6 bxc6 32. Rd6 Be5 33. Re6
Bd4 34. Rxc6 Kg7 35. Rc8 Rf8 36. Rxf8 Kxf8 37. c6 Bb6 38. Be4 g5 39. Bxh7 Kg7
40. Bf5 Kf6 41. Kg2 Ke5 42. Kf3 Bd8 43. Bd7 Bb6 44. h4 gxh4 45. g5 Kd6 46. g6
1-0